000 00589nam a2200217 a 4500
001 BRCA_5733
005 20190320205209.0
008 040311m19341936enkao#####---#000-0#eng-#
041 _aeng
044 _aenk
050 4 _aTR1
_b.P46 1934
245 1 0 _aPhotographic Almanac
_cThe British Journal.
260 _aLondres
_bHenry Greenwood
_c1934-1936
300 _a3 v.
_bil.
_c18 cm.
500 _aH51
505 0 _aContenido: v.1. 1934. -- v.2. 1935. -- v.3. 1936
650 1 4 _aFotografĂ­a
_xHistoria
_914547
710 2 _aThe British Journal
_914548
902 _aGFM
942 _2lcc
_cB
999 _c5423
_d5423